| 000 | 00752nam a2200169 4500 | ||
|---|---|---|---|
| 001 | 143056 | ||
| 003 | ES-MaACL | ||
| 005 | 20230906200716.0 | ||
| 007 | t| | ||
| 008 | 070214s1946 xxu r ||||1| spa d | ||
| 245 | 0 | 0 |
_aSelección de trabajos de la Clínica Mayo y la Fundación Mayo _b: correspondientes a los volúmenes XXXI a XXXV, de 1939, 1940, 1941, 1942 y 1943 / _cpreparados bajo la dirección de R. M. Hewitt... [et al.] ; traducido al castellano bajo la dirección de Alberto Folch y Pi. |
| 260 |
_aNueva York : _bThe University Society, _c1946 ( _fCarlos López Press) |
||
| 300 |
_aXIII, 1103 p. : _bil. ; _c25 cm. |
||
| 700 | 1 |
_aHewitt, Richard M. _963514 |
|
| 700 | 1 |
_aFolch i Pi, Alberto. _951452 |
|
| 852 |
_aES-MaACL _jE-1618 _bR.28419 |
||
| 999 |
_c143056 _d143056 |
||